| 000 | 01109nam a22003257a 4500 | ||
|---|---|---|---|
| 003 | CHAP | ||
| 005 | 20220329140835.0 | ||
| 008 | 971013s1981 r 00010 d | ||
| 010 | _a58426 | ||
| 011 | _a59398 | ||
| 035 | _a63556 | ||
| 040 | _cCHAP | ||
| 090 | _aTesis | ||
| 100 | 0 | 0 |
_aSuárez Ramos, Guadalupe. _9110721 |
| 245 | _aDepósito de taninos en la testa de Amaranthus hypochondriacus L. alegria | ||
| 260 |
_aChapingo, Méx. : _bEl autor, _c1981 |
||
| 300 |
_a82 h. _b: ilus. |
||
| 502 | _aTesis (M. C. Esp. en Botánica) -- Colegio de Postgraduados. Centro de Botánica | ||
| 590 |
_aALEPH _b10 _c20130110 _lUCH01 _h1336 |
||
| 590 |
_aBATCH-UPD _b10 _c20130110 _lUCH01 _h0708 |
||
| 590 |
_aBATCH-UPD _b10 _c20130410 _lUCH01 _h0354 |
||
| 590 |
_aBATCH-UPD _b10 _c20130914 _lUCH01 _h2040 |
||
| 590 |
_aCONVERSION _b10 _c20130109 _lUCH01 _h1331 |
||
| 650 | 1 | 4 |
_aAmaranthus. _95103 |
| 650 | 1 | 4 |
_aTaninos. _9111590 |
| 901 | _aBK | ||
| 942 | _cFOLL | ||
| 949 |
_aTesis _bBC _cTES _d33724002044827 _eTS2 _fc.2 _gDonaciØn _h47399 _i63556 _sb |
||
| 949 |
_bBC _cTES _d33724002045454 _eTS1 _gDonaciØn _h47398 _i63556 _sb |
||
| 999 |
_c58426 _d58426 |
||